All Major U.S. Sports League Teams (Men's and Women's) - Statistics

General Stats
  • This quiz has been taken 34 times
  • The average score is 105 of 185
Answer Stats
League % Correct
Seattle Seahawks
88%
Chicago Bears
83%
Cincinnati Reds
83%
Detroit Lions
83%
Detroit Tigers
83%
Los Angeles Lakers
83%
New York Giants
83%
New York Jets
83%
Philadelphia Eagles
83%
Boston Red Sox
79%
Chicago White Sox
79%
Kansas City Chiefs
79%
Miami Dolphins
79%
New England Patriots
79%
New York Yankees
79%
San Francisco Giants
79%
Winnipeg Jets
79%
Athletics
75%
Boston Celtics
75%
Carolina Panthers
75%
Chicago Bulls
75%
Connecticut Sun
75%
Green Bay Packers
75%
Jacksonville Jaguars
75%
New York Mets
75%
Pittsburgh Steelers
75%
San Francisco 49ers
75%
Tampa Bay Buccaneers
75%
Toronto Raptors
75%
Arizona Cardinals
71%
Arizona Diamondbacks
71%
Atlanta Falcons
71%
Atlanta Hawks
71%
Brooklyn Nets
71%
Buffalo Bills
71%
Chicago Stars FC
71%
Dallas Cowboys
71%
Dallas Stars
71%
Edmonton Oilers
71%
Florida Panthers
71%
Las Vegas Raiders
71%
Los Angeles Chargers
71%
Los Angeles Dodgers
71%
New Orleans Saints
71%
San Antonio Spurs
71%
St. Louis Cardinals
71%
Tennessee Titans
71%
Atlanta Braves
67%
Baltimore Orioles
67%
Boston Bruins
67%
Buffalo Sabres
67%
Chicago Cubs
67%
Houston Rockets
67%
Los Angeles Clippers
67%
Los Angeles Kings
67%
Miami Heat
67%
Minnesota Vikings
67%
Nashville Predators
67%
New York Liberty
67%
New York Rangers
67%
Oklahoma City Thunder
67%
Philadelphia 76ers
67%
Phoenix Suns
67%
Sacramento Kings
67%
Texas Rangers
67%
Toronto Blue Jays
67%
Utah Jazz
67%
Washington Commanders
67%
Chicago Fire FC
63%
Cincinnati Bengals
63%
Cleveland Browns
63%
Cleveland Guardians
63%
Dallas Mavericks
63%
Denver Broncos
63%
Golden State Warriors
63%
Houston Texans
63%
Indiana Pacers
63%
Indianapolis Colts
63%
Kansas City Royals
63%
Los Angeles Angels
63%
Miami Marlins
63%
Milwaukee Brewers
63%
Minnesota Twins
63%
Minnesota Wild
63%
New Jersey Devils
63%
New York Knicks
63%
Orlando Magic
63%
Philadelphia Phillies
63%
Pittsburgh Penguins
63%
Utah Royals
63%
Vancouver Canucks
63%
Washington Capitals
63%
Washington Wizards
63%
Baltimore Ravens
58%
Calgary Flames
58%
Charlotte Hornets
58%
Chicago Blackhawks
58%
Detroit Pistons
58%
Detroit Red Wings
58%
Houston Astros
58%
Inter Miami CF
58%
Los Angeles Rams
58%
Milwaukee Bucks
58%
Minnesota Timberwolves
58%
New Orleans Pelicans
58%
New York Islanders
58%
Ottawa Senators
58%
Pittsburgh Pirates
58%
San Jose Sharks
58%
Seattle Mariners
58%
Tampa Bay Rays
58%
Washington Nationals
58%
Anaheim Ducks
54%
Cleveland Cavaliers
54%
Colorado Rockies
54%
Los Angeles FC
54%
Los Angeles Sparks
54%
Minnesota Lynx
54%
Philadelphia Flyers
54%
Portland Fire
54%
Portland Trail Blazers
54%
San Diego Padres
54%
Toronto Maple Leafs
54%
Carolina Hurricanes
50%
Colorado Avalanche
50%
Denver Nuggets
50%
Indiana Fever
50%
Memphis Grizzlies
50%
Montreal Canadiens
50%
New York Red Bulls
50%
Orlando City SC
50%
Portland Timbers
50%
Seattle Kraken
50%
Seattle Storm
50%
Sporting Kansas City
50%
St. Louis Blues
50%
FC Dallas
46%
Las Vegas Aces
46%
Tampa Bay Lightning
46%
Utah Mammoth
46%
Vegas Golden Knights
46%
Atlanta Dream
42%
Atlanta United FC
42%
Chicago Sky
42%
Columbus Blue Jackets
42%
Columbus Crew SC
42%
Phoenix Mercury
42%
Washington Mystics
42%
Austin FC
38%
Charlotte FC
38%
D.C. United
38%
Gotham FC
38%
New England Revolution
38%
New York City FC
38%
Orlando Pride
38%
Philadelphia Union
38%
Portland Thorns FC
38%
San Diego FC
38%
San Diego Wave FC
38%
Seattle Sounders FC
38%
Toronto FC
38%
Vancouver Whitecaps FC
38%
Colorado Rapids
33%
FC Cincinnati
33%
Golden State Valkyries
33%
Houston Dynamo FC
33%
LA Galaxy
33%
Minnesota United FC
33%
Nashville SC
33%
St. Louis City SC
33%
Bay FC
29%
Dallas Wings
29%
Real Salt Lake
29%
Washington Spirit
29%
CF Montréal
25%
Kansas City Current
25%
Seattle Reign FC
25%
Toronto Tempo
25%
Racing Louisville FC
21%
Angel City FC
17%
Houston Dash
17%
North Carolina Courage
17%
San Jose Earthquakes
17%
Boston Legacy FC
13%
Denver Summit FC
13%
No matching quizzes found
Score Distribution
Percent of People with Each Score
Percentile by Number Answered
Your Score History
You have not taken this quiz